[Event "FRA-chT3 Gr8 0203"]
[Site "France"]
[Date "2003.02.02"]
[Round "6"]
[White "Bajart, Simon"]
[Black "Jaunet, Mickael"]
[Result "1-0"]
[WhiteElo "1920"]
[BlackElo "1930"]
[PlyCount "31"]
[EventDate "2002.10.??"]
[EventType "team"]
[EventRounds "9"]
[EventCountry "FRA"]
[SourceTitle "EXT 2005"]
[Source "ChessBase"]
[SourceDate "2004.11.15"]
[SourceVersion "1"]
[SourceVersionDate "2004.11.15"]
[SourceQuality "1"]

1. e4 d5 2. exd5 Qxd5 3. Nc3 Qd8 4. d4 c6 5. Bc4 Bf5 6. Nf3 e6 7. 0-0 Nf6 8. Re1 Be7 9. h3 0-0 10. Nh4 Bxc2 11. Qxc2 Qxd4 12. Ne4 Nxe4 13. Rxe4 Qf6 14. Nf3 Qg6 15. Bd3 f5 16. Rxe6 1-0